| 000 | 00431nam a22001457a 4500 | ||
|---|---|---|---|
| 020 | _a9780199321384 | ||
| 082 |
_a537.2 _bSAD |
||
| 100 | _aSadiku, Matthew N. O. | ||
| 245 |
_aElements of Electromagnetics / _cMatthew Sadiku |
||
| 250 | _66th Edition | ||
| 260 |
_aNew York; _bOxford University Press, _c2015. |
||
| 563 | _aH.B | ||
| 650 |
_a(The Oxford Series in Electrical and Computer Engineering) _9130995 |
||
| 942 |
_2ddc _cBK |
||
| 999 |
_c615112 _d615112 |
||